HUNTER'S DISEASE OF OCCUPATIONS (Record no. 22892)
[ view plain ]
| 000 -LEADER | |
|---|---|
| fixed length control field | 00379nam a22001697a 4500 |
| 003 - CONTROL NUMBER IDENTIFIER | |
| control field | SGT |
| 020 ## - INTERNATIONAL STANDARD BOOK NUMBER | |
| International Standard Book Number | 9781032204161 |
| 082 ## - DEWEY DECIMAL CLASSIFICATION NUMBER | |
| Classification number | 616.7 |
| Item number | H22B |
| 100 ## - MAIN ENTRY--PERSONAL NAME | |
| Personal name | BAXTER, PETER.J. |
| 245 ## - TITLE STATEMENT | |
| Title | HUNTER'S DISEASE OF OCCUPATIONS |
| 250 ## - EDITION STATEMENT | |
| Edition statement | 10TH |
| 260 ## - PUBLICATION, DISTRIBUTION, ETC. (IMPRINT) | |
| Place of publication, distribution, etc | NEW YORK |
| Name of publisher, distributor, etc | CRC PRESS |
| Year of Publication | 2022 |
| 300 ## - PAGE DESCRIPTION | |
| No. of Pages | 1291 |
| 650 ## - SUBJECT ADDED ENTRY--TOPICAL TERM | |
| Topical term or geographic name as entry element | DISEASE |
| 653 ## - KEYWORDS--INDEX TERM | |
| Keyword term | OCCUPATIONS, DISEASE |
| 942 ## - ADDED ENTRY ELEMENTS (KOHA) | |
| Source of classification or shelving scheme | Dewey Decimal Classification |
| Koha item type | Books |
| Withdrawn status | Lost status | Source of classification or shelving scheme | Damaged status | Use restrictions | Not for loan | Collection code | Home library | Current library | Shelving location | Date acquired | Vendor Name | Cost, normal purchase price | SGTU | Bill Number | Full call number | Accession No. (Barcode) | Date last seen | Bill Date | Koha item type |
|---|---|---|---|---|---|---|---|---|---|---|---|---|---|---|---|---|---|---|---|
| Dewey Decimal Classification | Restricted Access | AYURVEDA | SGT FA-FP Library | SGT FA-FP Library | Reference Book | 22/06/2022 | AHUJA PUBLICATION | 19912.00 | SGTU | 14473 | 616.7 H22B | FA11370 | 22/06/2022 | 19/05/2022 | Books |